| 000 | 00666 a2200217 4500 | ||
|---|---|---|---|
| 003 | Nust | ||
| 005 | 20221026141959.0 | ||
| 010 | _a 84028837 | ||
| 020 | _a0070454132 (pbk.) : | ||
| 040 | _cNust | ||
| 082 | 0 | 0 | _a621.30321,PAR |
| 245 | 0 | 0 |
_aMcGraw-Hill dictionary of electrical and electronic engineering / _cSybil P. Parker, editor in chief. |
| 260 |
_aNew York : _bMcGraw-Hill, _cc1984. |
||
| 300 |
_a488 p. ; _c22 cm. |
||
| 650 | 0 | _aElectrical engineering | |
| 650 | 0 | _aElectronics | |
| 700 | 1 |
_aParker, Sybil P. _913917 |
|
| 710 | 2 |
_aMcGraw-Hill Book Company. _912514 |
|
| 740 | 0 | _aDictionary of electrical and electronic engineering. | |
| 942 |
_2ddc _cBK |
||
| 999 |
_c179281 _d179281 |
||